000 00804nam a2200265Ia 4500
001 Para_4174
003 CHAP
008 220125s1991 xx 000 0 und d
010 _a202591
040 _cCHAP
082 _aPA 632.58 C6 1991
111 _aCongreso Nacional de la Ciencia de la Maleza (12:1991: Acapulco, Gro.)
_9167889
245 _aMemorias /
_c Asociación Mexicana de la Ciencia de la Maleza
260 _aAcapulco, Gro. :
_b La Asociación
300 _a159 p.
650 _aMalas hierbas
_x congresos
_970010
710 _aAsociación Mexicana de la Ciencia de la Maleza
_9165198
901 _aPA 632.58 C6 1991
902 _aA
905 _a0000001991 BUE 0000000000 00
910 _a1991
942 _cPARA
942 _cPARA
_d1
999 _c202591
_d202591